000 00221nam a22000857a 4500
008 160629b xxu||||| |||| 00| 0 eng d
100 _91438
_aPurang, Y.P
245 _aEnvironmental Educational for us
260 _aN.D
_bArya
_c2005
999 _c1188
_d1188